MARC

LEADER 00000nam0a2200000 4500
001 241375
005 20231101231816.0
035 |a (RuTPU)RU\TPU\book\262643 
090 |a 241375 
100 |a 20130712d1964 k y0rusy50 ca 
101 0 |a rus 
102 |a RU 
105 |a a z 001zy 
200 1 |a Расчет железобетонных конструкций на действие кратковременных динамических нагрузок  |f Н. Н. Попов, Б. С. Расторгуев 
210 |a Москва  |c Стройиздат  |d 1964 
215 |a 151 с.  |c ил. 
320 |a Библиогр.: с. 146-149. 
606 1 |a Железобетонные конструкции  |x Динамический расчет  |2 stltpush  |3 (RuTPU)RU\TPU\subj\10637  |9 37679 
610 1 |a строительная механика 
610 1 |a кратковременные нагрузки 
610 1 |a балочные конструкции 
610 1 |a динамическая нагрузка 
610 1 |a прямоугольные пластины 
610 1 |a железобетонные арки 
610 1 |a железобетонные оболочки 
610 1 |a предельные состояния 
610 1 |a методы расчета 
610 1 |a деформации 
675 |a 624.012.45.042  |v 3 
700 1 |a Попов  |b Н. Н.  |g Николай Николаевич 
701 1 |a Расторгуев  |b Б. С.  |g Борис Сергеевич 
801 1 |a RU  |b 63413507  |c 20130712 
801 2 |a RU  |b 63413507  |c 20140522  |g RCR 
942 |c BK